Score 0/78 Timer 01:00
9 Plays Today
Hint Answer % Correct
Blue
68.4%
Yellow
68.3%
Red
68.3%
Green
68.3%
Yellow
68.3%
Yellow
68.2%
Red
68.2%
Green
68.2%
Red
68.2%
Green
68.2%
Red
68.2%
Green
68.2%
Yellow
68.2%
Blue
68.1%
Blue
68.1%
Blue
68.1%
Red
68.1%
Yellow
68.1%
Blue
68.1%
Red
68.1%
Blue
68.1%
Red
68.1%
Blue
68.1%
Green
68.1%
Green
68.1%
Orange
68.1%
Green
68.1%
Blue
68.1%
Blue
68.1%
Red
68%
Yellow
68%
Green
68%
Purple
68%
Blue
68%
Green
68%
Yellow
68%
Yellow
68%
Green
68%
Green
68%
Hint Answer % Correct
Red
68%
Purple
68%
Red
68%
Red
68%
Green
68%
Green
68%
Purple
68%
Yellow
68%
Purple
68%
Orange
67.9%
Yellow
67.9%
Yellow
67.9%
Blue
67.9%
Purple
67.9%
Red
67.9%
Orange
67.9%
Yellow
67.9%
Purple
67.9%
Yellow
67.9%
Orange
67.9%
Purple
67.8%
Purple
67.8%
Orange
67.8%
Red
67.8%
Orange
67.8%
Purple
67.8%
Orange
67.8%
Purple
67.7%
Orange
67.7%
Orange
67.7%
Blue
67.7%
Purple
67.7%
Orange
67.7%
Purple
67.7%
Orange
67.7%
Orange
67.6%
Orange
67.5%
Purple
67.5%
Blue
67.4%

You're not logged in!

Compare scores with friends on all Sporcle quizzes.
OR
Log In

Sporcle TV

Today on Sporcle TV


Watch our educational content, quiz creation guides, and fun videos on Sporcle TV.

Show Comments

Extras

Top Quizzes Today


Score Distribution

Paid Content

Your Account Isn't Verified!

In order to create a playlist on Sporcle, you need to verify the email address you used during registration. Go to your Sporcle Settings to finish the process.

Report this User

Report this user for behavior that violates our Community Guidelines.

Details: